[Event "AUT-ch Blitz"]
[Site "Innsbruck"]
[Date "2025.06.21"]
[Round "8"]
[White "Alekseenko, Kirill"]
[Black "Froewis, Georg"]
[Result "1-0"]
[WhiteElo "2655"]
[BlackElo "2428"]
[PlyCount "91"]
[EventDate "2025.06.21"]
[EventType "swiss (blitz)"]
[EventRounds "11"]
[EventCountry "AUT"]
[SourceTitle "CB26_2025"]
[SourceDate "2025.06.25"]
[SourceVersion "1"]
[SourceVersionDate "2025.06.25"]
[SourceQuality "1"]

1. e4 e6 2. d4 d5 3. Nd2 Be7 4. Bd3 c5 5. dxc5 Nf6 6. Qe2 0-0 7. Ngf3 dxe4 8. Nxe4 Nxe4 9. Qxe4 f5 10. Qc4 Nd7 11. b4 a5 12. c3 Kh8 13. 0-0 e5 14. Be2 e4 15. Nd4 Ne5 16. Qb3 f4 17. Ne6 a4 18. Nxd8 axb3 19. Bxf4 Rxf4 20. axb3 Rb8 21. Rfd1 Rf8 22. Rd5 Ng6 23. c6 Bxd8 24. Rxd8 Rxd8 25. c7 Be6 26. c4 Nf4 27. Bf1 Rbc8 28. cxd8Q+ Rxd8 29. g3 Nd3 30. b5 Ne5 31. Bg2 Nf3+ 32. Kf1 g5 33. h3 h5 34. Ke2 Kg7 35. Ke3 Bf5 36. Bf1 Kf6 37. Ra7 Rd7 38. c5 Ne5 39. b6 Nc6 40. Ra1 Ke5 41. Bb5 Kd5 42. b4 Re7 43. Rd1+ Ke5 44. Bxc6 bxc6 45. Rd6 Rd7 46. Rxd7 1-0

[Event "AUT-ch Blitz"]
[Site "Innsbruck"]
[Date "2025.06.21"]
[Round "9"]
[White "Blohberger, Felix"]
[Black "Alekseenko, Kirill"]
[Result "0-1"]
[WhiteElo "2510"]
[BlackElo "2655"]
[PlyCount "66"]
[EventDate "2025.06.21"]
[EventType "swiss (blitz)"]
[EventRounds "11"]
[EventCountry "AUT"]
[SourceTitle "CB26_2025"]
[SourceDate "2025.06.25"]
[SourceVersion "1"]
[SourceVersionDate "2025.06.25"]
[SourceQuality "1"]

1. Nf3 d5 2. g3 Nc6 3. d4 Bf5 4. Bg2 e6 5. 0-0 Nb4 6. Na3 Nc6 7. Nb1 Nb4 8. Na3 Be7 9. c3 Nc6 10. Qa4 Qd7 11. Nb5 Bd8 12. c4 Nge7 13. Nc3 0-0 14. Bd2 a6 15. Rac1 h6 16. Rfd1 Bh7 17. Bf4 Ng6 18. Be3 Bf6 19. Bh3 Nge7 20. cxd5 Nxd5 21. Nxd5 Qxd5 22. Rc5 Qd8 23. d5 exd5 24. Rcxd5 Qb8 25. b3 Re8 26. Qc4 Bg6 27. Rd7 Rxe3 28. fxe3 Qa7 29. Kf1 Qxe3 30. Rxc7 Re8 31. Rxb7 Na5 32. Qd5 Nxb7 33. Rd2 Nc5 0-1

[Event "AUT-ch Blitz"]
[Site "Innsbruck"]
[Date "2025.06.21"]
[Round "11"]
[White "Dragnev, Valentin"]
[Black "Alekseenko, Kirill"]
[Result "1-0"]
[WhiteElo "2547"]
[BlackElo "2655"]
[PlyCount "87"]
[EventDate "2025.06.21"]
[EventType "swiss (blitz)"]
[EventRounds "11"]
[EventCountry "AUT"]
[SourceTitle "CB26_2025"]
[SourceDate "2025.06.25"]
[SourceVersion "1"]
[SourceVersionDate "2025.06.25"]
[SourceQuality "1"]

1. e4 e5 2. Nf3 Nc6 3. Bb5 a6 4. Ba4 d6 5. 0-0 Bd7 6. c3 Nge7 7. d4 Ng6 8. Re1 Be7 9. Nbd2 0-0 10. Nf1 exd4 11. cxd4 Bg4 12. Bxc6 bxc6 13. h3 Bd7 14. Ng3 Re8 15. b3 Qb8 16. Bb2 a5 17. a4 Bf8 18. Qc2 Qb7 19. Bc3 Qb6 20. Rab1 c5 21. d5 Qa6 22. Nd2 Ne5 23. Bxe5 Rxe5 24. Nc4 Ree8 25. Re3 g6 26. Rbe1 Bg7 27. e5 Red8 28. e6 fxe6 29. dxe6 Bc6 30. e7 Re8 31. h4 Bb7 32. h5 Qc6 33. Rf3 Qd7 34. Rfe3 Qc6 35. Rf3 d5 36. Ne5 Qe6 37. Nd3 Qd6 38. hxg6 hxg6 39. Rfe3 d4 40. Re6 Qd5 41. Nf4 Qg5 42. Rxg6 d3 43. Qxd3 Qxf4 44. Rxg7+ 1-0

[Event "AUT-ch Rapid"]
[Site "Innsbruck"]
[Date "2025.06.20"]
[Round "7"]
[White "Froewis, Georg"]
[Black "Alekseenko, Kirill"]
[Result "0-1"]
[WhiteElo "2428"]
[BlackElo "2655"]
[PlyCount "126"]
[EventDate "2025.06.19"]
[EventType "swiss (rapid)"]
[EventRounds "9"]
[EventCountry "AUT"]
[SourceTitle "CB26_2025"]
[SourceDate "2025.06.25"]
[SourceVersion "1"]
[SourceVersionDate "2025.06.25"]
[SourceQuality "1"]

1. Nf3 d5 2. d4 Nf6 3. c4 dxc4 4. e3 Bg4 5. Bxc4 e6 6. Nc3 Nc6 7. h3 Bh5 8. g4 Bg6 9. Nh4 Bb4 10. Nxg6 hxg6 11. Qf3 a6 12. a3 Bxc3+ 13. bxc3 Qe7 14. a4 Na5 15. Be2 e5 16. Ba3 Qe6 17. Qg2 g5 18. 0-0 0-0-0 19. Rab1 e4 20. c4 Nxc4 21. Bxc4 Qxc4 22. Be7 Rde8 23. Rfc1 Qd5 24. Bxf6 gxf6 25. Rc5 Qd6 26. Rbc1 Re7 27. a5 Kb8 28. Qf1 c6 29. Rb1 Ka7 30. Rb6 Rc7 31. Kg2 Qf8 32. Qh1 Rd7 33. Qh2 Qd6 34. Qh1 Qf8 35. Qh2 Qb8 36. Qh1 Qg8 37. Qb1 Qh7 38. Qh1 Qg8 39. Qb1 Qd8 40. Qxe4 Re8 41. Qd3 Re6 42. Qf5 Red6 43. Qd3 Qe7 44. Qf5 Rd5 45. Qc2 Rxc5 46. dxc5 Rd5 47. Qb2 Rxc5 48. Qb4 Re5 49. Qd4 Kb8 50. Qb2 Rxa5 51. Rb3 Rb5 52. Rxb5 axb5 53. f4 gxf4 54. exf4 Qe4+ 55. Kg3 Qe3+ 56. Kg2 Qxf4 57. Qe2 b4 58. h4 b3 59. Qd1 Qe4+ 60. Kh3 Qe3+ 61. Kg2 Kc7 62. h5 Qe4+ 63. Kg3 b2 0-1

[Event "AUT-ch Rapid"]
[Site "Innsbruck"]
[Date "2025.06.19"]
[Round "3"]
[White "Baumegger, Siegfried"]
[Black "Alekseenko, Kirill"]
[Result "0-1"]
[WhiteElo "2353"]
[BlackElo "2655"]
[PlyCount "52"]
[EventDate "2025.06.19"]
[EventType "swiss (rapid)"]
[EventRounds "9"]
[EventCountry "AUT"]
[SourceTitle "CB26_2025"]
[SourceDate "2025.06.25"]
[SourceVersion "1"]
[SourceVersionDate "2025.06.25"]
[SourceQuality "1"]

1. e4 c5 2. Nf3 Nc6 3. d4 cxd4 4. Nxd4 Nf6 5. Nc3 d6 6. Bg5 e6 7. Qd2 a6 8. 0-0-0 Bd7 9. f4 b5 10. Bxf6 gxf6 11. Nxc6 Bxc6 12. Qe3 Qe7 13. Kb1 Qa7 14. Qe1 0-0-0 15. Bd3 Be7 16. f5 Kb8 17. Rf1 Rdg8 18. g3 Rc8 19. fxe6 fxe6 20. Ne2 Qc5 21. Nf4 Qe5 22. Qf2 Bb7 23. Rde1 Rc7 24. c3 Re8 25. Bc2 Bd8 26. Nd5 exd5 0-1

[Event "Munich Whitsun op-A 3rd"]
[Site "Munich"]
[Date "2025.06.14"]
[Round "9"]
[White "Alekseenko, Kirill"]
[Black "Safarli, Eltaj"]
[Result "0-1"]
[WhiteElo "2655"]
[BlackElo "2620"]
[PlyCount "108"]
[EventDate "2025.06.08"]
[EventType "swiss"]
[EventRounds "9"]
[EventCountry "GER"]
[SourceTitle "CB26_2025"]
[SourceDate "2025.06.25"]
[SourceVersion "1"]
[SourceVersionDate "2025.06.25"]
[SourceQuality "1"]

1. e4 c5 2. Nf3 Nc6 3. Bb5 e6 4. Bxc6 bxc6 5. d3 Ne7 6. Nbd2 Ng6 7. h4 h5 8. e5 d6 9. exd6 Bxd6 10. Nc4 e5 11. Qe2 Bg4 12. Qe4 0-0 13. Ne3 Bd7 14. Bd2 Be7 15. g4 Be6 16. gxh5 f5 17. Qxc6 Nf4 18. Nxe5 Bd6 19. N5c4 Bc7 20. 0-0-0 Ne2+ 21. Kb1 Nd4 22. Qxc5 f4 23. Bc3 Ne2 24. Be5 Rc8 25. Rhg1 Nxg1 26. Rxg1 Rf7 27. Ng4 Bxg4 28. Bc3 Bb6 29. Qe5 Rxc4 30. Rxg4 Bd4 31. Bxd4 Rxd4 32. h6 Rdd7 33. a3 Rde7 34. Qh5 Qd6 35. hxg7 Rxg7 36. Rxg7+ Rxg7 37. Qe8+ Qf8 38. Qe5 Qf7 39. c4 f3 40. c5 Rg6 41. Kc2 Re6 42. Qb8+ Re8 43. Qd6 Re6 44. Qd8+ Kh7 45. Kc3 Qe7 46. Qd5 Re5 47. Qxf3 Qxc5+ 48. Kd2 Rf5 49. Qb7+ Kh6 50. f3 Qb5 51. Qxb5 Rxb5 52. Kc3 Kg6 53. b4 Kf6 54. Kc4 Rh5 0-1

[Event "Munich Whitsun op-A 3rd"]
[Site "Munich"]
[Date "2025.06.10"]
[Round "5"]
[White "Alekseenko, Kirill"]
[Black "Amar, Elham"]
[Result "0-1"]
[WhiteElo "2655"]
[BlackElo "2589"]
[PlyCount "158"]
[EventDate "2025.06.08"]
[EventType "swiss"]
[EventRounds "9"]
[EventCountry "GER"]
[SourceTitle "CB26_2025"]
[SourceDate "2025.06.25"]
[SourceVersion "1"]
[SourceVersionDate "2025.06.25"]
[SourceQuality "1"]

1. e4 c6 2. d4 d5 3. e5 c5 4. Nf3 cxd4 5. Qxd4 Nc6 6. Qf4 e6 7. Nc3 Nb4 8. Qd2 Ne7 9. h4 h5 10. a3 Nbc6 11. Bd3 a6 12. 0-0 g6 13. Qe2 Nf5 14. Bg5 Be7 15. Bxf5 gxf5 16. Rad1 Bxg5 17. Nxg5 Ne7 18. Qe3 Bd7 19. Rfe1 Rc8 20. g3 Rc4 21. Rd2 Qc7 22. Ne2 Rxc2 23. Nf4 Rc4 24. Kh2 Ng6 25. Nxg6 fxg6 26. Nh3 Re4 27. Qg5 Rg4 28. Qf6 Rf8 29. Qg7 Qa5 30. Ree2 f4 31. Nxf4 Rfxf4 32. gxf4 Rxh4+ 33. Kg3 Rg4+ 34. Kh3 Qa4 35. Qh8+ Ke7 36. Qf6+ Ke8 37. f3 Rxf4 38. Qxg6+ Kd8 39. Qg5+ Kc7 40. Re3 Rf5 41. Rc3+ Kb8 42. Qg8+ Ka7 43. Qg1+ Kb8 44. b4 Bc6 45. Qg8+ Ka7 46. Qxe6 Rxf3+ 47. Rxf3 Bd7 48. Qxd7 Qxd7+ 49. Kh2 Qg4 50. Rfd3 Qf4+ 51. Kh3 Qxe5 52. Rxd5 Qe3+ 53. Kh4 Qxa3 54. R5d4 Qf3 55. R2d3 Qf5 56. Rd2 Qe5 57. R2d3 Qh2+ 58. Kg5 h4 59. Rg4 h3 60. Rgg3 Qb2 61. Rxh3 Qxb4 62. Kf5 a5 63. Ke5 a4 64. Kd5 Ka6 65. Rd4 Qb5+ 66. Ke4 Qb1+ 67. Rhd3 b5 68. Kd5 Ka5 69. Kc6 Qc1+ 70. Kb7 a3 71. Rd6 Qh1+ 72. Ka7 Qg1+ 73. Kb7 Qg7+ 74. Kc6 b4 75. Rd7 Qg2+ 76. R7d5+ Ka4 77. Kb6 Qg6+ 78. Rd6 Qg1+ 79. Kb7 a2 0-1

[Event "AUT-chT Rapid"]
[Site "Pasching"]
[Date "2025.06.01"]
[Round "9.8"]
[White "Risteski, Emil"]
[Black "Alekseenko, Kirill"]
[Result "1-0"]
[WhiteElo "2359"]
[BlackElo "2654"]
[PlyCount "107"]
[EventDate "2025.06.01"]
[EventType "team-swiss (rapid)"]
[EventRounds "9"]
[EventCountry "AUT"]
[SourceTitle "CB23_2025"]
[SourceDate "2025.06.04"]
[SourceVersion "1"]
[SourceVersionDate "2025.06.04"]
[SourceQuality "1"]
[WhiteTeam "OBANA"]
[BlackTeam "Linz ASV"]
[WhiteTeamCountry "ISR"]
[BlackTeamCountry "AUT"]

1. e4 e5 2. Nf3 Nc6 3. Bc4 Bc5 4. c3 Nf6 5. d3 d6 6. b4 Bb6 7. a4 a5 8. b5 Ne7 9. 0-0 0-0 10. Nbd2 Ng6 11. d4 h6 12. Re1 Re8 13. Qb3 Be6 14. Bxe6 Rxe6 15. h3 exd4 16. cxd4 Qe8 17. Qc2 d5 18. e5 Nd7 19. Ba3 Rc8 20. Nb3 c6 21. Qd3 Qd8 22. Rac1 Nh4 23. Nxh4 Qxh4 24. Bc5 Bc7 25. bxc6 bxc6 26. Rf1 Rg6 27. f4 Rb8 28. Rf3 Re6 29. Rcf1 Ree8 30. Rg3 Bd8 31. Rg4 Qh5 32. Bd6 Rb7 33. f5 Bc7 34. Bxc7 Rxc7 35. Qg3 Kh8 36. e6 Nf6 37. Qxc7 Nxg4 38. hxg4 Qxg4 39. Qxf7 Rg8 40. Qg6 Qe4 41. Rf3 Qe1+ 42. Kh2 Qh4+ 43. Rh3 Qf4+ 44. Qg3 Qxf5 45. Qe5 Qg6 46. Nc5 Re8 47. Rg3 Qh7 48. e7 Qg8 49. Rf3 Kh7 50. Qf5+ Kh8 51. Qf8 Kh7 52. Qf5+ Kh8 53. Qf8 Kh7 54. Nd7 1-0

[Event "AUT-chT Blitz"]
[Site "Pasching"]
[Date "2025.05.31"]
[Round "13.8"]
[White "Alekseenko, Kirill"]
[Black "Hulka, Valentyn"]
[Result "1-0"]
[WhiteElo "2654"]
[BlackElo "2324"]
[PlyCount "89"]
[EventDate "2025.05.31"]
[EventType "team-swiss (blitz)"]
[EventRounds "13"]
[EventCountry "AUT"]
[SourceTitle "CB23_2025"]
[SourceDate "2025.06.04"]
[SourceVersion "1"]
[SourceVersionDate "2025.06.04"]
[SourceQuality "1"]
[WhiteTeam "Linz ASV"]
[BlackTeam "GOGIEFF"]
[WhiteTeamCountry "AUT"]
[BlackTeamCountry "UKR"]

1. e4 c5 2. Nf3 Nc6 3. Bb5 g6 4. 0-0 Bg7 5. Re1 e5 6. Bxc6 dxc6 7. a4 Qe7 8. Na3 Nh6 9. Nc4 f6 10. d3 Nf7 11. a5 0-0 12. Be3 Nd8 13. c3 Ne6 14. Qb3 Rd8 15. Rad1 Qf7 16. Qa3 Bf8 17. h3 Bd7 18. b4 cxb4 19. cxb4 Nc7 20. Qb2 Nb5 21. Na3 Nxa3 22. Qxa3 Be6 23. d4 exd4 24. Bxd4 Rd7 25. Qc3 Rad8 26. Rd2 Be7 27. Bxa7 Rxd2 28. Nxd2 Qf8 29. Bc5 Bxc5 30. bxc5 Qe7 31. Nf3 Kg7 32. Kh2 Qc7+ 33. g3 Qd7 34. e5 f5 35. Ng5 h6 36. Rd1 Qxd1 37. Nxe6+ Kh7 38. Nxd8 Qxd8 39. e6 Qd5 40. Qe3 Qd8 41. e7 Qe8 42. Qe6 Kg7 43. h4 h5 44. Kg2 Kh7 45. Qf6 1-0

[Event "AUT-chT Blitz"]
[Site "Pasching"]
[Date "2025.05.31"]
[Round "2.4"]
[White "Alekseenko, Kirill"]
[Black "Schloffer, Jasmin Denise"]
[Result "1-0"]
[WhiteElo "2654"]
[BlackElo "2186"]
[PlyCount "49"]
[EventDate "2025.05.31"]
[EventType "team-swiss (blitz)"]
[EventRounds "13"]
[EventCountry "AUT"]
[SourceTitle "CB23_2025"]
[SourceDate "2025.06.04"]
[SourceVersion "1"]
[SourceVersionDate "2025.06.04"]
[SourceQuality "1"]
[WhiteTeam "Linz ASV"]
[BlackTeam "Neuhofen Union"]
[WhiteTeamCountry "AUT"]
[BlackTeamCountry "AUT"]

1. e4 c6 2. d4 d5 3. exd5 cxd5 4. Bd3 Nc6 5. c3 Qc7 6. h3 e6 7. Nf3 Bd6 8. 0-0 Nge7 9. b3 Ng6 10. c4 0-0 11. Nc3 dxc4 12. bxc4 a6 13. Re1 b6 14. h4 Bb7 15. h5 Nf4 16. Bxf4 Bxf4 17. Qe2 Rfd8 18. Rad1 Rac8 19. d5 Nb4 20. dxe6 Nxd3 21. e7 Re8 22. Rxd3 Qxc4 23. Qd1 Bxf3 24. Qxf3 Qc7 25. Nd5 1-0

[Event "PlusCity Grand Prix Rapid"]
[Site "Pasching"]
[Date "2025.05.30"]
[Round "4"]
[White "Alekseenko, Kirill"]
[Black "Pantsulaia, Levan"]
[Result "0-1"]
[WhiteElo "2654"]
[BlackElo "2547"]
[PlyCount "144"]
[EventDate "2025.05.30"]
[EventType "swiss (rapid)"]
[EventRounds "9"]
[EventCountry "AUT"]
[SourceTitle "CB23_2025"]
[SourceDate "2025.06.04"]
[SourceVersion "1"]
[SourceVersionDate "2025.06.04"]
[SourceQuality "1"]

1. e4 c5 2. Nf3 e6 3. Nc3 a6 4. h3 b5 5. d3 Nc6 6. g3 d5 7. exd5 exd5 8. Bg2 h6 9. 0-0 Nf6 10. Re1+ Be7 11. Bf4 0-0 12. Ne5 Nxe5 13. Bxe5 Bb7 14. a3 Qd7 15. Qf3 Ra7 16. Qe2 d4 17. Bxf6 Bxf6 18. Ne4 Be7 19. Nd2 Bg5 20. Ne4 Be7 21. a4 Ba8 22. axb5 axb5 23. Nd2 Bg5 24. f4 Bf6 25. Rxa7 Qxa7 26. Bxa8 Rxa8 27. Qf3 c4 28. Kg2 c3 29. bxc3 dxc3 30. Ne4 Be7 31. f5 Bf8 32. f6 g6 33. h4 b4 34. h5 g5 35. Re2 Rc8 36. Qf5 Qb7 37. Qf2 b3 38. cxb3 Qd5 39. Kh2 Qxd3 40. Re3 Qd4 41. Re1 Qxf2+ 42. Nxf2 c2 43. Nd3 Ba3 44. b4 Bxb4 45. Nxb4 c1Q 46. Rxc1 Rxc1 47. Nd5 Rd1 48. Ne3 Rd4 49. Kh3 Rd6 50. Ng4 Kf8 51. Kg2 Ke8 52. Kf3 Kd7 53. Ke4 Ke6 54. Nxh6 Kxf6 55. Ng4+ Ke6 56. Ne3 Ra6 57. g4 Ra4+ 58. Kf3 Ke5 59. Nf5 Ra3+ 60. Kg2 Rb3 61. Kf2 Kf4 62. h6 Kxg4 63. Nd6 Rh3 64. Kg2 Rh5 65. Nxf7 Kf5 66. Kg3 Kf6 67. Nd6 Rxh6 68. Nc4 Rh4 69. Ne3 Ra4 70. Ng4+ Kg6 71. Ne5+ Kf5 72. Nf3 Ra3 0-1

[Event "PlusCity Grand Prix Rapid"]
[Site "Pasching"]
[Date "2025.05.30"]
[Round "5"]
[White "Levin, Guy"]
[Black "Alekseenko, Kirill"]
[Result "0-1"]
[WhiteElo "2464"]
[BlackElo "2654"]
[PlyCount "112"]
[EventDate "2025.05.30"]
[EventType "swiss (rapid)"]
[EventRounds "9"]
[EventCountry "AUT"]
[SourceTitle "CB23_2025"]
[SourceDate "2025.06.04"]
[SourceVersion "1"]
[SourceVersionDate "2025.06.04"]
[SourceQuality "1"]

1. d4 d5 2. c4 dxc4 3. Nf3 a6 4. e3 Bg4 5. Bxc4 e6 6. 0-0 Nc6 7. b3 Nf6 8. Bb2 Bd6 9. h3 Bh5 10. Be2 0-0 11. Nbd2 Qe7 12. Nc4 Rfd8 13. Nxd6 cxd6 14. Rc1 Rac8 15. g4 Bg6 16. Nh4 d5 17. Nxg6 hxg6 18. Bf3 Qb4 19. Qd3 Qb6 20. Qb1 Nb4 21. Rc3 Rxc3 22. Bxc3 Nc6 23. Rc1 g5 24. Qd3 Ne7 25. Qd2 Rc8 26. Bb2 Rxc1+ 27. Qxc1 Nc6 28. Ba3 Nd7 29. Qc3 Qd8 30. Be2 Nf6 31. Bd3 Ne4 32. Bxe4 dxe4 33. Qc5 Kh7 34. Kg2 Kg6 35. f3 exf3+ 36. Kxf3 f6 37. h4 Kf7 38. hxg5 fxg5 39. Qd6 Qc8 40. Bc5 Kg8 41. d5 exd5 42. Qxd5+ Kh8 43. Qxg5 Qd7 44. Ke2 Kg8 45. Qf5 Qe8 46. Kf3 Qd8 47. Ke2 Qe8 48. Qd5+ Kh7 49. Qh1+ Kg8 50. Qd5+ Kh7 51. Bd6 Qd8 52. e4 Qh4 53. Qf5+ Kg8 54. Qc8+ Kh7 55. Qf5+ Kg8 56. g5 Nd4+ 0-1

[Event "PlusCity Grand Prix Blitz"]
[Site "Pasching"]
[Date "2025.05.29"]
[Round "10"]
[White "Alekseenko, Kirill"]
[Black "Hansen, Eric"]
[Result "1-0"]
[WhiteElo "2654"]
[BlackElo "2609"]
[PlyCount "41"]
[EventDate "2025.05.29"]
[EventType "swiss (blitz)"]
[EventRounds "13"]
[EventCountry "AUT"]
[SourceTitle "CB23_2025"]
[SourceDate "2025.06.04"]
[SourceVersion "1"]
[SourceVersionDate "2025.06.04"]
[SourceQuality "1"]

1. e4 e5 2. Nf3 Nc6 3. Bc4 Bc5 4. d3 Nf6 5. Nc3 d6 6. a4 h6 7. h3 a6 8. Be3 Bb4 9. 0-0 Bxc3 10. bxc3 0-0 11. Ba2 d5 12. exd5 Nxd5 13. Bd2 Re8 14. Re1 Bf5 15. Qb1 Qd7 16. Qxb7 Nb6 17. a5 Nxa5 18. Bxf7+ Kxf7 19. Rxa5 Rab8 20. Qxb8 Kg8 21. Qb7 1-0

[Event "PlusCity Grand Prix Blitz"]
[Site "Pasching"]
[Date "2025.05.29"]
[Round "8"]
[White "Alekseenko, Kirill"]
[Black "Stevic, Hrvoje"]
[Result "1-0"]
[WhiteElo "2654"]
[BlackElo "2535"]
[PlyCount "99"]
[EventDate "2025.05.29"]
[EventType "swiss (blitz)"]
[EventRounds "13"]
[EventCountry "AUT"]
[SourceTitle "CB23_2025"]
[SourceDate "2025.06.04"]
[SourceVersion "1"]
[SourceVersionDate "2025.06.04"]
[SourceQuality "1"]

1. e4 e5 2. Nf3 Nf6 3. Nc3 Nc6 4. Bb5 Bb4 5. 0-0 0-0 6. Bxc6 dxc6 7. d3 Nd7 8. Be3 Re8 9. Nd2 Nf8 10. Ne2 Bd6 11. Kh1 Ne6 12. f3 c5 13. a4 a5 14. Nc4 b6 15. f4 exf4 16. Nxf4 Bxf4 17. Bxf4 Nxf4 18. Rxf4 Be6 19. b3 Bxc4 20. bxc4 Qd4 21. Rb1 Re6 22. Qf3 Rf8 23. Rf1 Qd7 24. Qh3 Qd6 25. Qh5 Re5 26. Qg4 Qe7 27. h3 Re6 28. Qg3 Rg6 29. Qf3 Qd7 30. Rf5 h6 31. g4 Qxa4 32. Rxf7 Rxf7 33. Qxf7+ Kh7 34. e5 Qxc2 35. Qf5 Qe2 36. Rf2 Qe1+ 37. Kh2 Kh8 38. Qf8+ Kh7 39. Qf5 Kh8 40. Kg2 Rg5 41. Qc8+ Kh7 42. Rf8 Qe2+ 43. Kg1 Qe3+ 44. Kg2 Qxe5 45. Rh8+ Kg6 46. Re8 Qb2+ 47. Kg3 Qd2 48. Qe6+ Kh7 49. Qg8+ Kg6 50. Re6# 1-0

[Event "PlusCity Grand Prix Blitz"]
[Site "Pasching"]
[Date "2025.05.29"]
[Round "7"]
[White "Horvath, Dominik"]
[Black "Alekseenko, Kirill"]
[Result "0-1"]
[WhiteElo "2532"]
[BlackElo "2654"]
[PlyCount "78"]
[EventDate "2025.05.29"]
[EventType "swiss (blitz)"]
[EventRounds "13"]
[EventCountry "AUT"]
[SourceTitle "CB23_2025"]
[SourceDate "2025.06.04"]
[SourceVersion "1"]
[SourceVersionDate "2025.06.04"]
[SourceQuality "1"]

1. e4 e5 2. Nf3 Nc6 3. Bc4 Bc5 4. c3 Nf6 5. d3 d6 6. Bg5 h6 7. Bh4 a5 8. Nbd2 Ba7 9. 0-0 Qe7 10. Re1 Bd7 11. Bd5 g5 12. Bg3 Nh7 13. Nc4 Nf8 14. d4 f6 15. Ne3 Ng6 16. Nf5 Qh7 17. a3 h5 18. h4 g4 19. Nd2 Nge7 20. Nxe7 Nxe7 21. Bxb7 Rb8 22. Ba6 0-0 23. Nc4 f5 24. exf5 Nxf5 25. Kh2 exd4 26. cxd4 Bxd4 27. Qd2 Qg7 28. Rab1 a4 29. Bf4 Rfe8 30. Ne3 Nxe3 31. Bxe3 Be5+ 32. Kg1 g3 33. f4 Bf6 34. Bc4+ Kh8 35. Qd1 Bg4 36. Qxa4 Rxe3 37. Rxe3 Bd4 38. Rbe1 Qe7 39. Kh1 Qxh4+ 0-1

[Event "PlusCity Grand Prix Blitz"]
[Site "Pasching"]
[Date "2025.05.29"]
[Round "13"]
[White "Jobava, Baadur"]
[Black "Alekseenko, Kirill"]
[Result "0-1"]
[WhiteElo "2600"]
[BlackElo "2654"]
[PlyCount "47"]
[EventDate "2025.05.29"]
[EventType "swiss (blitz)"]
[EventRounds "13"]
[EventCountry "AUT"]
[SourceTitle "CB23_2025"]
[SourceDate "2025.06.04"]
[SourceVersion "1"]
[SourceVersionDate "2025.06.04"]
[SourceQuality "1"]

1. e4 c5 2. c3 Qa5 3. g3 Nc6 4. Bg2 h5 5. Nf3 d6 6. 0-0 Nf6 7. d4 cxd4 8. cxd4 d5 9. exd5 Nxd5 10. Bd2 Qd8 11. Nc3 Bg4 12. Qb3 Nb6 13. Be3 Be6 14. d5 Bxd5 15. Bxb6 Bxb3 16. Bxd8 Bc4 17. Bc7 Bxf1 18. Kxf1 e6 19. Ne5 Rc8 20. Nxc6 bxc6 21. Bxc6+ Ke7 22. Nb5 a6 23. Bb7 Re8 24. Nd6 0-1